Chiko pergi ke sekolah

Bibliographic Details
Format: Book
Published: Kuala lumpur : Penerbitan fargoes sdn.bhd. , 1996
Series:Siri kawanku riang

MARC

LEADER 00000cam a2200000 7i4500
001 0000077231
005 20181029.0
008 171220
020 |a 9830411001 
090 0 0 |a JAW 
245 0 0 |a Chiko pergi ke sekolah 
260 |a Kuala lumpur :   |b Penerbitan fargoes sdn.bhd. ,   |c 1996 
490 1 |a Siri kawanku riang 
999 |a 0000453835   |b Book   |c Children Collection   |e Cawangan Pontian 
999 |a 0000770771   |b Book   |c Children Collection   |e Cawangan Bandar Penawar 
999 |a 0000770773   |b Book   |c Children Collection   |e Cawangan Bandar Penawar 
999 |a 0000774839   |b Book   |c Children Collection   |e Cawangan Pontian 
999 |a 0000774841   |b Book   |c Children Collection   |e Cawangan Pontian 
999 |a 0000788113   |b Book   |c Children Collection   |e Cawangan Segamat 
999 |a 0000866871   |b Book   |c Children Collection   |e Cawangan Segamat 
999 |a 0000866872   |b Book   |c Children Collection   |e Cawangan Segamat